Short Term Memory Test - World Capitals - Statistics

General Stats
  • This quiz has been taken 64 times
  • The average score is 11 of 21
Answer Stats
Capital % Correct
Abuja
100%
Addis Ababa
100%
Algiers
100%
Amman
100%
Andorra la Vella
100%
Ankara
100%
Athens
100%
Baku
100%
Bamako
100%
Bandar Seri Begawan
100%
Bangui
100%
Banjul
100%
Basseterre
100%
Beijing
100%
Belgrade
100%
Berlin
100%
Bratislava
100%
Bridgetown
100%
Brussels
100%
Buenos Aires
100%
Cairo
100%
Dakar
100%
Damascus
100%
Freetown
100%
Georgetown
100%
Gitega
100%
Hanoi
100%
Khartoum
100%
Madrid
100%
Majuro
100%
Manama
100%
Montevideo
100%
Moscow
100%
Nairobi
100%
Nouakchott
100%
Oslo
100%
Ottawa
100%
Paramaribo
100%
Port Moresby
100%
Port Vila
100%
Pyongyang
100%
Quito
100%
Rome
100%
Saint John's
100%
Sofia
100%
Tokyo
100%
Ulaanbaatar
100%
Vaduz
100%
Washington D.C.
100%
Yamoussoukro
100%
Apia
75%
Caracas
75%
Santiago
75%
Singapore
75%
Antananarivo
67%
Belmopan
67%
Bissau
67%
Helsinki
67%
Juba
67%
Kingston
67%
London
67%
Luxembourg
67%
Minsk
67%
San José
67%
San Marino
67%
Sri Jayawardenepura Kotte
67%
Tunis
67%
Vatican City
67%
Amsterdam
50%
Ashgabat
50%
Asmara
50%
Bishkek
50%
Bogotá
50%
Brazzaville
50%
Castries
50%
Dublin
50%
Harare
50%
Havana
50%
Honiara
50%
Islamabad
50%
Kiev
50%
Kingstown
50%
La Paz / Sucre
50%
Lilongwe
50%
Lisbon
50%
Lomé
50%
Managua
50%
Mexico City
50%
Monaco
50%
Niamey
50%
Nukuʻalofa
50%
Podgorica
50%
Porto-Novo / Cotonou
50%
Reykjavík
50%
San Salvador
50%
Santo Domingo
50%
South Tarawa
50%
Victoria
50%
Vilnius
50%
Windhoek
50%
Yerevan
50%
Abu Dhabi
40%
Luanda
33%
Manila
33%
Monrovia
33%
N'Djamena
33%
Palikir
33%
Panama City
33%
Port-au-Prince
33%
Sana'a
33%
Sarajevo
33%
Tehran
33%
Warsaw
33%
Accra
0%
Asunción
0%
Baghdad
0%
Bangkok
0%
Beirut
0%
Bern
0%
Brasília
0%
Bucharest
0%
Budapest
0%
Canberra
0%
Chișinău
0%
Conakry
0%
Copenhagen
0%
Dhaka
0%
Dili
0%
Djibouti
0%
Dodoma
0%
Doha
0%
Dushanbe
0%
Funafuti
0%
Gaborone
0%
Guatemala City
0%
Jakarta
0%
Jerusalem
0%
Kabul
0%
Kampala
0%
Kathmandu
0%
Kigali
0%
Kinshasa
0%
Kuala Lumpur
0%
Kuwait City
0%
Libreville
0%
Lima
0%
Ljubljana
0%
Lusaka
0%
Malabo
0%
Malé
0%
Maputo
0%
Maseru
0%
Mbabane
0%
Mogadishu
0%
Moroni
0%
Muscat
0%
Nassau
0%
Naypyidaw
0%
New Delhi
0%
Ngerulmud
0%
Nicosia
0%
Nur-Sultan
0%
Ouagadougou
0%
Paris
0%
Phnom Penh
0%
Port Louis
0%
Port-of-Spain
0%
Prague
0%
Praia
0%
Pretoria / Cape Town / Bloemfontein
0%
Pristina
0%
Rabat
0%
Riga
0%
Riyadh
0%
Roseau
0%
Saint George's
0%
São Tomé
0%
Seoul
0%
Skopje
0%
Stockholm
0%
Suva
0%
Taipei
0%
Tallinn
0%
Tashkent
0%
Tbilisi
0%
Tegucigalpa
0%
Thimphu
0%
Tirana
0%
Tripoli
0%
Valletta
0%
Vienna
0%
Vientiane
0%
Wellington
0%
Yaoundé
0%
Yaren
0%
Zagreb
0%
No matching quizzes found
Score Distribution
Percent of People with Each Score
Percentile by Number Answered
Your Score History
You have not taken this quiz